Statistics for African Cities by Letter with a Map: B

Click here to take the quiz!

General Stats

  • This quiz has been taken 41 times
  • The average score is 10 of 15

Answers on the Map

Answers color-coded by a green-red scale on the quiz's map according to % correct below.
 

Answer Stats

City% Correct
Bamako
97%
Banjul
92%
Brazzaville
92%
Bangui
89%
Bissau
89%
Bloemfontein
84%
Benghazi
76%
Bujumbura
73%
Benin City
62%
Bulawayo
62%
Blantyre
59%
Beira
49%
Bata
43%
Bobo-Dioulasso
43%
Bouaké
30%

Score Distribution

Percentile by Number Answered

Percent of People with Each Score

Your Score History

You have not taken this quiz